Kdysi dávno v budoucnu /

Hlavní autor: Konvička, Jaroslav, 1990-
Jazyk: Čeština
Vydáno: Týn nad Vltavou : Nová Forma, 2014
Vydání: 1. vyd.
Témata:
Fyzický popis: 83 s. ; 14 cm
Knihy
Uloženo v:
LEADER 00987cam a2200313 a 4500
001 nkc20142587847
003 CZ PrNK
005 20250401093851.0
007 ta
008 140417s2014 xr e 000 j cze d
015 |a cnb002587847 
020 |a 978-80-7453-450-8  |q (brož.) 
035 |a (OCoLC)897868471 
040 |a PNA001  |b cze  |d ABA001 
072 7 |a 821.162.3  |x Česká literatura  |2 Konspekt  |9 25 
080 |a 821.162.3-32  |2 MRF 
080 |a (0:82-32)  |2 MRF 
100 1 |a Konvička, Jaroslav,  |d 1990-  |7 mzk2013754960  |4 aut 
245 1 0 |a Kdysi dávno v budoucnu /  |c Jaroslav Konvička 
250 |a 1. vyd. 
260 |a Týn nad Vltavou :  |b Nová Forma,  |c 2014 
300 |a 83 s. ;  |c 14 cm 
655 7 |a české povídky  |7 fd133971  |2 czenas 
655 9 |a Czech short stories  |2 eczenas 
910 2 |a BOA001  |b S-1333.968 
990 |a BK 
995 |a 01 
991 |b 201411  |c NOV  |e b 
996 6 |b 2610610232  |c S-1333.968  |l MZK  |r Sklad / do 24 hodin  |n 1  |p p.v.  |w 001468058  |u 000010  |a 1  |e BOA001  |j MZK50  |s P